Penunggang basikal

Bibliographic Details
Main Author: Rosnah M.D
Format: Book
Published: Selangor : Sama Publications & Distributors , 2004
Series:Siri novel kreatif remaja
Subjects:

MARC

LEADER 00000cam a2200000 7i4500
001 0000000657
005 20151222.0
008 070702
020 |a 9679389316(set) 
020 |a 9679389332 
090 0 0 |a JF   |b AD MAL (346) 
100 0 |a Rosnah M.D 
245 1 0 |a Penunggang basikal   |c Rosnah M.D 
260 |a Selangor :   |b Sama Publications & Distributors ,   |c 2004 
440 0 |a Siri novel kreatif remaja 
500 |a Children ages 7-9 years old (orange) 
650 0 |a Detective and mystery stories, Malay 
650 0 |a Malay fiction 
999 |a 0000918453   |b Book   |c Children Collection   |e Cawangan Bukit Gambir 
999 |a 0000918454   |b Book   |c Children Collection   |e Cawangan Bukit Gambir 
999 |a 0000918455   |b Book   |c Children Collection   |e Cawangan Bukit Gambir 
999 |a 0000927330   |b Book   |c Children Collection   |e Cawangan Tangkak 
999 |a 0000927331   |b Book   |c Children Collection   |e Cawangan Tangkak 
999 |a 0000927332   |b Book   |c Children Collection   |e Cawangan Tangkak 
999 |a 0000951762   |b Book   |c Children Collection   |e Cawangan Taman Universiti 
999 |a 0000959236   |b Book   |c Children Collection   |e Perbadanan Perpustakaan Awam Johor 
999 |a 0000959237   |b Book   |c Children Collection   |e Perbadanan Perpustakaan Awam Johor 
999 |a 0000959238   |b Book   |c Children Collection   |e Perbadanan Perpustakaan Awam Johor 
999 |a 0000959239   |b Book   |c Children Collection   |e Perbadanan Perpustakaan Awam Johor 
999 |a 0000959240   |b Book   |c Children Collection   |e Perbadanan Perpustakaan Awam Johor